[Event "CRO-chT2 Center"]
[Site "Zagreb"]
[Date "2012.10.21"]
[Round "9.24"]
[White "Vukusic, Marin"]
[Black "Havas, Ladislav"]
[Result "1-0"]
[WhiteElo "2144"]
[BlackElo "2257"]
[PlyCount "63"]
[EventDate "2012.03.18"]
[EventType "team-swiss"]
[EventRounds "11"]
[EventCountry "CRO"]
[SourceTitle "EXT 2019"]
[Source "ChessBase"]
[SourceDate "2018.10.10"]
[SourceVersion "1"]
[SourceVersionDate "2018.10.10"]
[SourceQuality "1"]

1. e4 c5 2. Nf3 d6 3. b3 Nc6 4. Bb2 Nf6 5. Nc3 e6 6. Bb5 Bd7 7. 0-0 Ne5 8. Nxe5 dxe5 9. Qe2 a6 10. Bxd7+ Qxd7 11. a4 b6 12. Nb1 Qc7 13. Na3 Nd7 14. Nc4 Be7 15. f4 exf4 16. Bxg7 Rg8 17. Bb2 e5 18. Qh5 Bf6 19. Qxh7 Rg7 20. Qh8+ Nf8 21. Qh3 Ng6 22. Rf2 Ke7 23. a5 bxa5 24. Rxa5 Rh8 25. Qd3 Rgh7 26. h3 Rd8 27. Qe2 Rg8 28. Rxc5 Qa7 29. Ba3 Ke8 30. Rc8+ Bd8 31. Nd6+ Kd7 32. Qg4+ 1-0

[Event "CRO-chT2 Center"]
[Site "Zagreb"]
[Date "2012.03.18"]
[Round "2.45"]
[White "Kostanjsek, Zorko"]
[Black "Vukusic, Marin"]
[Result "1/2-1/2"]
[WhiteElo "2199"]
[BlackElo "2122"]
[PlyCount "191"]
[EventDate "2012.03.18"]
[EventType "team-swiss"]
[EventRounds "11"]
[EventCountry "CRO"]
[SourceTitle "EXT 2014"]
[Source "ChessBase"]
[SourceDate "2013.11.20"]
[SourceVersion "1"]
[SourceVersionDate "2013.11.20"]
[SourceQuality "1"]

1. c4 e6 2. g3 d5 3. Nf3 Nf6 4. Bg2 Be7 5. 0-0 0-0 6. d4 c6 7. Qc2 b6 8. Nbd2 Ba6 9. b3 Nbd7 10. Rd1 Rc8 11. Bb2 Qc7 12. Rac1 Qb8 13. Qb1 Rfd8 14. Bf1 Bf8 15. e4 dxe4 16. Nxe4 Bb7 17. Nxf6+ Nxf6 18. c5 h6 19. b4 Qc7 20. Ne5 Nd7 21. Nf3 Nf6 22. a3 g6 23. Re1 Re8 24. Bc4 Rcd8 25. Ne5 Nd5 26. Qe4 Bg7 27. Bd3 Bxe5 28. dxe5 Rd7 29. h4 h5 30. Qf3 Qd8 31. Be4 Qe7 32. Red1 Rc8 33. Rc2 Ba6 34. Rdc1 Rdc7 35. Bd4 Bb5 36. Kg2 Ba4 37. Rd2 Rb8 38. Rh1 Qf8 39. Rb2 Qg7 40. Rbb1 bxc5 41. Bxc5 Qxe5 42. Rbe1 Rd8 43. Bxg6 Qg7 44. Bxh5 Nf6 45. Qf4 Rcd7 46. Bf3 a6 47. Re5 Nd5 48. Bxd5 Rxd5 49. Rhe1 Bb5 50. Rxd5 Rxd5 51. Qb8+ Kh7 52. Be3 Rf5 53. Qd6 Qc3 54. Qd2 Qxa3 55. g4 Rd5 56. Qc2+ Bd3 57. Qc1 Qxb4 58. f3 c5 59. Bf2 c4 60. Qe3 Qd6 61. Qa7 Kg7 62. Bg3 Qa3 63. Rxe6 Qa1 64. Bf2 a5 65. Re1 Qf6 66. g5 Qd6 67. Re7 Bg6 68. Rc7 Qf4 69. Rd7 Rf5 70. Qd4+ Qxd4 71. Bxd4+ Kf8 72. Bf6 Rxf6 73. gxf6 Ke8 74. Ra7 c3 75. Rxa5 Kd7 76. Kf2 Ke6 77. Ke3 Kxf6 78. Rc5 c2 79. Kd4 Ke6 80. Rc6+ Kf5 81. Ke3 Ke5 82. Rc5+ Kd6 83. Kd4 Ke6 84. Ke3 Kd6 85. Rc8 Kd7 86. Rc3 Kd6 87. Kf4 Kd5 88. Kg5 Kd4 89. Rc7 Bd3 90. Rxc2 Bxc2 91. Kf6 Bg6 92. f4 Ke4 93. f5 Bh5 94. Kg5 Ke5 95. Kxh5 Kxf5 96. Kh6 1/2-1/2

[Event "CRO-chT3A Center"]
[Site "Zagreb"]
[Date "2010.03.28"]
[Round "2.64"]
[White "Stankovic, Andrej"]
[Black "Vukusic, Marin"]
[Result "1-0"]
[WhiteElo "2115"]
[BlackElo "2107"]
[PlyCount "105"]
[EventDate "2010.03.21"]
[EventType "team-tourn"]
[EventRounds "11"]
[EventCountry "CRO"]
[SourceTitle "EXT 2012"]
[Source "ChessBase"]
[SourceDate "2011.11.24"]
[SourceVersion "1"]
[SourceVersionDate "2011.11.24"]
[SourceQuality "1"]

1. e4 c5 2. f4 e6 3. Nf3 a6 4. d3 d5 5. Qe2 dxe4 6. dxe4 Nc6 7. c3 Qc7 8. g3 g6 9. Bg2 Bg7 10. Be3 b6 11. Nbd2 Nge7 12. 0-0 0-0 13. Rfd1 Bb7 14. Nc4 Rad8 15. e5 Nc8 16. Bf2 N6e7 17. Ng5 Bxg2 18. Kxg2 b5 19. Ne3 c4 20. Qf3 Nb6 21. Ne4 Na4 22. b3 cxb3 23. axb3 Nxc3 24. Rxd8 Rxd8 25. Rxa6 Nxe4 26. Qxe4 Bf8 27. Ng4 Kg7 28. Nf6 Nd5 29. Qd4 Nb4 30. Ra7 Rxd4 31. Rxc7 Rd2 32. Ne4 Rd3 33. Ng5 Nd5 34. Rxf7+ Kg8 35. Rb7 Rxb3 36. Nxe6 Be7 37. Nd4 Rb2 38. Rxb5 Rxb5 39. Nxb5 Kf7 40. Kf3 Bb4 41. Ke4 Nc3+ 42. Nxc3 Bxc3 43. g4 Ba5 44. Be3 Bd8 45. Kd5 Bh4 46. Kd6 Be7+ 47. Kd7 Bb4 48. f5 h5 49. h3 hxg4 50. hxg4 gxf5 51. gxf5 Bf8 52. Bg5 Bb4 53. e6+ 1-0

[Event "CRO-chT3"]
[Site "Zagreb"]
[Date "2009.04.05"]
[Round "4"]
[White "Kustrak, Mladen"]
[Black "Vukusic, Marin"]
[Result "1/2-1/2"]
[WhiteElo "1999"]
[BlackElo "2121"]
[PlyCount "76"]
[EventDate "2009.03.08"]
[EventType "team-tourn"]
[EventRounds "9"]
[EventCountry "CRO"]
[SourceTitle "EXT 2011"]
[Source "ChessBase"]
[SourceDate "2010.11.26"]
[SourceVersion "1"]
[SourceVersionDate "2010.11.26"]
[SourceQuality "1"]

1. e4 c5 2. c4 Nc6 3. g3 g6 4. Bg2 Bg7 5. Nc3 e6 6. Nge2 Nge7 7. 0-0 0-0 8. d3 b6 9. Be3 Bb7 10. Qd2 Rc8 11. Bh6 d6 12. Bxg7 Kxg7 13. d4 Na5 14. b3 a6 15. Rad1 Qc7 16. dxc5 dxc5 17. Qd6 Bc6 18. Qxc7 Rxc7 19. e5 Rb8 20. Bxc6 Nexc6 21. f4 b5 22. cxb5 axb5 23. Ne4 Nb4 24. N2c3 c4 25. a3 Nc2 26. b4 Nb3 27. Rf2 Nxa3 28. Ra2 Ra7 29. Nd6 Rba8 30. Kf1 h6 31. Kg2 h5 32. Kf3 Kf8 33. g4 hxg4+ 34. Kxg4 Kg7 35. Kg5 Rh8 36. Nb1 Rha8 37. Nc3 Rh8 38. Nb1 Rha8 1/2-1/2

[Event "Zagreb op-B"]
[Site "Zagreb"]
[Date "2009.03.29"]
[Round "9"]
[White "Vukusic, Marin"]
[Black "Blazeka, Matej"]
[Result "0-1"]
[WhiteElo "2121"]
[BlackElo "2013"]
[PlyCount "56"]
[EventDate "2009.03.21"]
[EventType "swiss"]
[EventRounds "9"]
[EventCountry "CRO"]
[SourceTitle "CBM 129 Extra"]
[Source "ChessBase"]
[SourceDate "2009.05.05"]
[SourceVersion "2"]
[SourceVersionDate "2009.05.20"]
[SourceQuality "1"]

1. e3 e5 2. c4 f5 3. a3 Nf6 4. Nc3 d6 5. d3 Be6 6. Nf3 c6 7. Be2 Be7 8. 0-0 0-0 9. Qc2 h6 10. b4 Nbd7 11. Rb1 g5 12. Nd2 g4 13. f3 h5 14. d4 d5 15. fxg4 hxg4 16. Rxf5 e4 17. Rg5+ Kf7 18. Qd1 Rg8 19. Rxg8 Qxg8 20. b5 Bd6 21. Nf1 g3 22. hxg3 Bxg3 23. bxc6 bxc6 24. Qa4 Be1 25. Nd2 Qg3 26. Nd1 Rg8 27. Bf1 Ng4 28. Bd3 Rh8 0-1

[Event "CRO-chT1B 17th"]
[Site "Sibenik"]
[Date "2008.10.03"]
[Round "7"]
[White "Vukusic, Marin"]
[Black "Ivankovic, Ivo"]
[Result "1/2-1/2"]
[WhiteElo "2146"]
[BlackElo "2125"]
[PlyCount "117"]
[EventDate "2008.09.27"]
[EventType "team"]
[EventRounds "9"]
[EventCountry "CRO"]
[SourceTitle "CBM 126 Extra"]
[Source "ChessBase"]
[SourceDate "2008.11.05"]
[SourceVersion "1"]
[SourceVersionDate "2008.11.05"]
[SourceQuality "1"]

1. e4 c5 2. Nf3 d6 3. d4 cxd4 4. Nxd4 Nf6 5. Nc3 g6 6. Be3 Bg7 7. f3 0-0 8. Qd2 Nc6 9. 0-0-0 d5 10. Qe1 e6 11. g4 Nxd4 12. Bxd4 dxe4 13. Nxe4 Nxe4 14. Qxe4 Qg5+ 15. Be3 Qa5 16. Bc4 Qb4 17. c3 Qa5 18. h4 Rb8 19. Bf4 e5 20. Rd5 Qc7 21. Rxe5 Qc6 22. Qxc6 bxc6 23. Re7 Rb7 24. Rxb7 Bxb7 25. Re1 c5 26. Re3 a5 27. Bd6 Rd8 28. Bxc5 Rc8 29. b4 axb4 30. cxb4 Bf8 31. Rc3 Bg7 32. Rc2 Bxf3 33. Bxf7+ Kxf7 34. Rf2 Ke6 35. Rxf3 Bd4 36. Kc2 Bxc5 37. Rc3 Ra8 38. Rxc5 Rxa2+ 39. Kb3 Rh2 40. h5 gxh5 41. Rxh5 Rg2 42. g5 Kd6 43. Kc4 Rc2+ 44. Kb5 Rc7 45. Rh6+ Ke5 46. Ka6 Kf5 47. b5 Kxg5 48. b6 Re7 49. Rc6 h5 50. Kb5 h4 51. Rc7 Re1 52. b7 Rb1+ 53. Kc6 h3 54. Rh7 Kg4 55. Rh8 Kg3 56. Kc7 h2 57. b8Q Rxb8 58. Rxh2 Kxh2 59. Kxb8 1/2-1/2

[Event "Bizovac Metalis op 14th"]
[Site "Bizovac"]
[Date "2007.02.24"]
[Round "5"]
[White "Vukusic, Marin"]
[Black "Jurkovic, Ante"]
[Result "1/2-1/2"]
[WhiteElo "2118"]
[BlackElo "2348"]
[PlyCount "27"]
[EventDate "2007.02.22"]
[EventType "swiss"]
[EventRounds "7"]
[EventCountry "CRO"]
[SourceTitle "CBM 116 Extra"]
[Source "ChessBase"]
[SourceDate "2007.03.07"]
[SourceVersion "1"]
[SourceVersionDate "2007.03.07"]
[SourceQuality "1"]

1. e4 d6 2. Nf3 Nf6 3. Nc3 e5 4. Bc4 Be7 5. d4 Nbd7 6. Ng5 0-0 7. Bxf7+ Rxf7 8. Ne6 Qe8 9. Nxc7 Qd8 10. Nxa8 b5 11. dxe5 Nxe5 12. Nxb5 Qa5+ 13. Nc3 Ba6 14. Qd4 1/2-1/2

[Event "CRO-chT2 Center"]
[Site "Zagreb"]
[Date "2005.05.15"]
[Round "5.4"]
[White "Vukusic, Marin"]
[Black "Mikulinjak, Dejan"]
[Result "1-0"]
[WhiteElo "2082"]
[BlackElo "2134"]
[PlyCount "77"]
[EventDate "2005.04.03"]
[EventType "team-tourn"]
[EventRounds "11"]
[EventCountry "CRO"]
[SourceTitle "EXT 2007"]
[Source "ChessBase"]
[SourceDate "2006.11.23"]
[SourceVersion "1"]
[SourceVersionDate "2006.11.23"]
[SourceQuality "1"]

1. e4 c5 2. Nf3 d6 3. d4 cxd4 4. Nxd4 Nf6 5. Nc3 g6 6. Be3 Bg7 7. f3 0-0 8. Qd2 Nc6 9. 0-0-0 Nxd4 10. Bxd4 Be6 11. Nd5 Bxd5 12. exd5 Qc7 13. Kb1 Rfd8 14. Rc1 a5 15. a4 Qd7 16. Bb5 Qf5 17. Rhe1 Nxd5 18. Bxg7 Kxg7 19. Qd4+ Kg8 20. Bd3 Qg5 21. h4 Qh5 22. g4 Nc3+ 23. Qxc3 Qxh4 24. Qd4 Rd7 25. Rh1 Qg5 26. Rxh7 Qe5 27. Qxe5 dxe5 28. Rch1 Rc8 29. g5 f5 30. gxf6 exf6 31. Bxg6 Rxh7 32. Rxh7 b6 33. Rb7 Rc6 34. c3 Rd6 35. Kc2 Kf8 36. Rf7+ Kg8 37. Rc7 Kf8 38. Be4 Rd8 39. Rc6 1-0

[Event "CRO-chT2 Center"]
[Site "Zagreb"]
[Date "2005.04.03"]
[Round "1.2"]
[White "Vukusic, Marin"]
[Black "Vrsek, Ivan"]
[Result "0-1"]
[WhiteElo "2082"]
[BlackElo "2010"]
[PlyCount "72"]
[EventDate "2005.04.03"]
[EventType "team-tourn"]
[EventRounds "11"]
[EventCountry "CRO"]
[SourceTitle "EXT 2007"]
[Source "ChessBase"]
[SourceDate "2006.11.23"]
[SourceVersion "1"]
[SourceVersionDate "2006.11.23"]
[SourceQuality "1"]

1. e4 e6 2. d4 d5 3. exd5 exd5 4. Qf3 Nf6 5. h3 Be6 6. Bd3 h6 7. Ne2 g5 8. g4 Nc6 9. c3 Bg7 10. Ng3 Ne7 11. Nd2 0-0 12. Ndf1 Ng6 13. Ne3 Nf4 14. Bc2 Re8 15. Bd2 c5 16. dxc5 d4 17. cxd4 Bd5 18. Qd1 Bxh1 19. Nxh1 Qxd4 20. Kf1 Qxc5 21. Rc1 Qb5+ 22. Kg1 Ne2+ 23. Kh2 Nxc1 24. Bxc1 Rac8 25. Bb3 Red8 26. Qe1 Qc6 27. Nc2 Qe4 28. Qxe4 Nxe4 29. Be3 Nd2 30. Bxd2 Rxd2 31. Ne3 Bd4 32. Nf5 Rc1 33. Nxh6+ Kg7 34. Nxf7 Bxf2 35. Nxf2 Rxf2+ 36. Kg3 Rxf7 0-1